|
|
|
|
| LEADER |
00000nam a2200000 a 4500 |
| 001 |
vtls001454063 |
| 003 |
SK-MaSNL |
| 005 |
20260301104045.0 |
| 008 |
240318s2002 xo g 0000yyund |
| 035 |
|
|
|a SNK000409370
|
| 040 |
|
|
|a SNK
|b slo
|c SNK
|e AACR2
|
| 044 |
|
|
|a xo
|c SK
|
| 100 |
1 |
|
|a Balai, Mária
|4 aut
|9 442182
|
| 245 |
1 |
0 |
|a Spôsob prípravy katalyzátorov alebo katalyzátorových prísad, katalyzátor a katalyzátorová prísada a ich použitie. B01J 29/40
|
| 260 |
|
|
|a Banská Bystrica
|b Úrad priemyselného vlastníctva SR
|c 2002
|
| 999 |
|
|
|c 697124
|d 699054
|
| 952 |
|
|
|t P60, <04>, [BOOK], {604}
|a SNK
|b SNK
|y VYP
|7 0
|p 17A0384288
|o snkSK 282572
|i snkPS 269/2003
|0 0
|1 0
|4 0
|d 2003-05-27
|l 0
|r 2005-01-02 00:00:00
|w 2026-02-23
|